000 00832nam a2200277 a 4500
001 63819
003 BD-RjUL
005 20211209081233.0
008 040217s1994 nyua 001 0 eng
020 _a4770018924 :
_c$23.00
020 _a4770019181 (pbk.) :
_c$15.00
035 _a(BD-RjUL)63949
040 _aDLC
_cDLC
_beng
_dBD-RjUL
041 _aeng
082 0 0 _a952
_2203
_bKOJ 1994
110 _aKōdansha Intānashonaru Kabushiki Kaisha.
_9189452
245 0 0 _aJapan :
_bprofile of a nation.
250 _a1st ed.
260 _aTokyo :
_bDistributed in the United States by Kodansha America,
_c1994.
300 _a360 p. :
_bill. ;
_c22 cm.
500 _aIncludes index
651 0 _aJapan.
_9187663
710 2 _aKōdansha Intānashonaru Kabushiki Kaisha.
_9189451
942 _2ddc
_cBK
999 _c63819
_d63819